Enemies of India - Statistics

General Stats
  • This quiz has been taken 142 times
  • The average score is 4 of 6
Answer Stats
Hint Answer % Correct
Kashmir Issue Pakistan
99%
Fight over Arunachal Pradesh China
96%
Fight Over Korea North Korea
69%
Goa fight Portugal
55%
Independence for India United Kingdom
30%
Insulting Maldives
24%
No matching quizzes found
Score Distribution
Percent of People with Each Score
Percentile by Number Answered
Your Score History
You have not taken this quiz